Normal view
MARC view
- الاختراعات-المهارات العلمية-المواهب الفنية
Entry Topical Term
001 - CONTROL NUMBER
- control field: 9767
003 - CONTROL NUMBER IDENTIFIER
- control field: JO-AjAnu
005 - DATE AND TIME OF LATEST TRANSACTION
- control field: 20230606071854.0
008 - FIXED-LENGTH DATA ELEMENTS
- fixed length control field: 230606|| aca||aabn | a|a d
040 ## - CATALOGING SOURCE
- Original cataloging agency: JO-AjAnu
- Transcribing agency: JO-AjAnu
150 ## - HEADING--TOPICAL TERM
- Topical term or geographic name entry element: الاختراعات-المهارات العلمية-المواهب الفنية
670 ## - SOURCE DATA FOUND
- Source citation: Work cat.: (JO-AjAnu)5035: فتح الله،مايسة, author 9766, المخترعون الصغار تنمية مهارات علمية-صقل مواهب فنية-غرس افكار تكنولوجية